000 00375nam a2200121 4500
999 _c13767
_d13767
008 190403b ||||| |||| 00| 0 eng d
100 _938256
_aColina IV, Antonio L.
245 _aMilitants rapped for kids joining rally/
_cAntonio L. Colina IV
260 _aPhilippines:
_bManila Bulletin;
_cc2018.
300 _apage 11.
650 0 _938257
_aChild welfare.
942 _2ddc
_cPER